| 000 | 00531nam a2200169Ia 4500 | ||
|---|---|---|---|
| 003 | GCL | ||
| 008 | 140319s9999 xx 000 0 ara d | ||
| 040 |
_aGCL / _cGCL |
||
| 082 | 0 | 4 |
_a823.03 _bهـ ع |
| 100 | 1 | _aهاردى, توماس | |
| 245 | 1 | 0 |
_aعودة ابن البلدة / _cهاردى, توماس |
| 700 | 1 | _aسامى ناشد (مترجم) | |
| 490 |
_aالالف كتاب _v0 |
||
| 650 | 0 | 4 | _aالقصة الانجليزية المترجمة |
| 650 | 0 | 4 | _aالادب الانجليزى المترجم |
| 942 |
_2ddc _cBK |
||
| 999 |
_c39994 _d39994 |
||